Koncoročné povinnosti platiteľa dane

Ročné vyrovnanie odpočítanej DPH. Úprava odpočítanej dane. Výpočet úpravy odpočítanej dane. Praktické príklady.

Saved in:
Bibliographic Details
Main Author: Jurišová, Anna
Format: Book Chapter
Language:Slovak
Subjects:
Tags: Add Tag
No Tags, Be the first to tag this record!

MARC

LEADER 00000naa a2200000 4500
001 0261027
005 20200114123000.3
041 0 |a slo 
044 |a SK 
245 1 0 |a Koncoročné povinnosti platiteľa dane  |c Anna Jurišová 
520 |a Ročné vyrovnanie odpočítanej DPH. Úprava odpočítanej dane. Výpočet úpravy odpočítanej dane. Praktické príklady. 
610 2 0 |a dane z hodnoty pridanej 
610 2 0 |a odpočet dane 
610 2 0 |a daňovníci 
610 2 0 |a tovar 
610 2 0 |a služby 
610 2 0 |a nehnuteľnosti 
610 2 0 |a legislatíva 
100 1 |a Jurišová, Anna